Turínské plátno : jak Mistr Leonardo ošálil historii /

Main Author: Picknett, Lynn, 1947-
Other Authors: Prince, Clive
Language: Czech
Published: Praha : Beta, 2007
Edition: Vyd. 1.
Subjects:
Physical Description: 230 s., [16] s. obr. příl. : il., portréty, faksim. ; 24 cm
Book
Saved in:
LEADER 02975cam a2200793 a 4500
001 nkc20071763392
003 CZ PrNK
005 20080125085025.0
007 ta
008 071105s2007 xr acfhe f 001 0dcze d
015 |a cnb001763392 
020 |a 978-80-7306-314-6  |q (váz.) 
035 |a (OCoLC)228500075 
040 |a KLG001  |b cze  |d BOA001  |d OLA001 
041 1 |a cze  |h eng 
043 |a e-it--- 
045 |a e0e3  |a s5t1 
072 7 |a 00  |x Věda. Všeobecnosti. Základy vědy a kultury. Vědecká práce  |2 Konspekt  |9 12 
080 |a 27-236.5  |2 MRF 
080 |a 27-312.8  |2 MRF 
080 |a 27-312.8/.9-526.7  |2 MRF 
080 |a 001.98  |2 MRF 
080 |a 002.1-021.58  |2 MRF 
080 |a 001.94  |2 MRF 
080 |a 133  |2 MRF 
080 |a 7.071  |2 MRF 
080 |a 001-051  |2 MRF 
080 |a (450)  |2 MRF 
080 |a (0.062)  |2 MRF 
100 1 |a Picknett, Lynn,  |d 1947-  |7 mzk2003205739  |4 aut 
245 1 0 |a Turínské plátno :  |b jak Mistr Leonardo ošálil historii /  |c Lynn Picknettová a Clive Prince ; [z anglického originálu ... přeložily Hana Řeháková a Květa Macáková] 
250 |a Vyd. 1. 
260 |a Praha :  |b Beta,  |c 2007 
300 |a 230 s., [16] s. obr. příl. :  |b il., portréty, faksim. ;  |c 24 cm 
500 |a "Zcela revidované a aktualizované vydání" 
504 |a Obsahuje bibliografii, bibliografické odkazy a rejstřík 
600 0 7 |a Ježíš Kristus  |7 ola2002103454  |2 czenas 
600 0 7 |a Leonardo,  |c da Vinci,  |d 1452-1519  |7 jn19990005005  |2 czenas 
600 0 9 |a Jesus Christ  |2 eczenas 
648 7 |a 1. století  |7 ch460539  |2 czenas 
648 7 |a 15.-16. století  |7 ch757034  |2 czenas 
650 0 7 |a biblické postavy  |7 ph118857  |y 1. století  |2 czenas 
650 0 7 |a ukřižování Ježíše Krista  |7 ph138458  |2 czenas 
650 0 7 |a Turínské plátno  |7 ph118154  |2 czenas 
650 0 7 |a falzifikáty  |7 ph120129  |2 czenas 
650 0 7 |a záhady  |7 ph127721  |2 czenas 
650 0 7 |a nevysvětlené jevy  |7 ph117239  |2 czenas 
650 0 7 |a esoterismus  |7 ph114484  |2 czenas 
650 0 7 |a umělci  |7 ph116527  |z Itálie  |y 15.-16. století  |2 czenas 
650 0 7 |a vědci  |7 ph127356  |z Itálie  |y 15.-16. století  |2 czenas 
650 0 9 |a Bible persons  |y 1st century  |2 eczenas 
650 0 9 |a crucifixion of Jesus Christ  |2 eczenas 
650 0 9 |a Holy Shroud  |2 eczenas 
650 0 9 |a falsification  |2 eczenas 
650 0 9 |a mysteries  |2 eczenas 
650 0 9 |a supernatural  |2 eczenas 
650 0 9 |a esoterism  |2 eczenas 
650 0 9 |a artists  |z Italy  |y 15th-16th centuries  |2 eczenas 
650 0 9 |a scientists  |z Italy  |y 15th-16th centuries  |2 eczenas 
655 7 |a populárně-naučné publikace  |7 fd131864  |2 czenas 
655 9 |a popular works  |2 eczenas 
700 1 |a Prince, Clive  |7 mzk2003207340  |4 aut 
765 0 |t Turin shroud  |9 Česky 
910 2 |a BOA001  |b 2-1194.600 
928 9 |a Beta-Dobrovský 
990 |a BK 
995 |a 01 
991 |b 200711  |c NOV 
996 6 |b 2610324989  |c 2-1194.600  |l MZK  |r Sklad / do 1 hodiny  |n 1  |p p.v.  |w 000875637  |u 000010  |a 1  |e BOA001  |j MZK50  |s P